| 000 | 00509nam a2200169 i 4500 | ||
|---|---|---|---|
| 001 | 23994 | ||
| 003 | ES-MaACL | ||
| 007 | t| | ||
| 008 | 021213s1966 sp ||||1| spa d | ||
| 100 | 1 |
_aAmis, Kingsley, _d1922-1995 _9233548 |
|
| 245 | 1 | 4 |
_aUna chica como tú / _cKingsley Amis ; [traducción Rosario Berdagué]. |
| 260 |
_a[Barcelona] : _bLumen, _c[1966] |
||
| 300 |
_a445 p. ; _c19 cm. |
||
| 700 | 1 |
_aBerdagué, Rosario. _927858 |
|
| 852 |
_aES-MaACL _jG-15956 _bR.62108 |
||
| 999 |
_c23994 _d23994 |
||